[Event "Capablanca 32th Elite"]
[Site "Cienfuegos"]
[Date "1997.05.18"]
[Round "10"]
[White "Schlosser, Philipp"]
[Black "Miles, Anthony J"]
[Result "1/2-1/2"]
[WhiteElo "2560"]
[BlackElo "2550"]

1.d4 Nf6 2.c4 c6 3.Bf4 d6 4.Nc3 Nbd7 5.Nf3 Qa5 6.a3 e5 7.b4 Qc7 8.Bg3 Nh5
9.Bh4 h6 10.g4 Nhf6 11.h3 a5 12.e3 Be7 13.Bg3 exd4 14.exd4 axb4 15.axb4 Rxa1
16.Qxa1 Qb6 17.Qb2 O-O 18.Bd3 Re8 19.O-O Nf8 20.Re1 Ne6 21.d5 cxd5 22.cxd5 Nf8
23.Re3 Bd7 24.Nd2 Qd4 25.Nf3 Qb6 26.Nd2  1/2-1/2

[Event "Yopal"]
[Site "Yopal"]
[Date "1997.06.24"]
[Round "5"]
[White "Miles, Anthony J"]
[Black "Rodriguez, Amador"]
[Result "1-0"]
[WhiteElo "2550"]
[BlackElo "2555"]

1.c4 Nf6 2.Nc3 e5 3.Nf3 Nc6 4.e3 Bb4 5.Qc2 O-O 6.Nd5 Re8 7.Qf5 d6 8.Nxf6+ Qxf6
9.Qxf6 gxf6 10.a3 Bc5 11.b4 Bb6 12.Bb2 a5 13.b5 Ne7 14.d4 Bg4 15.c5 Ba7 16.b6 Bxf3
17.gxf3 Bb8 18.Rg1+ Kf8 19.Rd1 c6 20.dxe5 fxe5 21.cxd6 Nd5 22.e4 Nxb6 23.f4 f6
24.fxe5 Nd7 25.Bc4  1-0

[Event "Yopal"]
[Site "Yopal"]
[Date "1997.06.28"]
[Round "8"]
[White "Zapata, Alonso"]
[Black "Miles, Anthony J"]
[Result "1/2-1/2"]
[WhiteElo "2515"]
[BlackElo "2550"]

1.e4 Nf6 2.e5 Nd5 3.d4 d6 4.c4 Nb6 5.exd6 exd6 6.Bd3 Nc6 7.Be3 Nb4 8.Be2 Bf5
9.Na3 Be7 10.Nf3 d5 11.c5 Nd7 12.Qb3 a5 13.O-O O-O 14.Rfc1 c6 15.Nb1 b5 16.a4 bxa4
17.Qxa4 Qc7 18.Ra3 Bf6 19.Qd1 Rfe8 20.Nc3 h6 21.Qd2 Qd8 22.h3 Ra7 23.Bf1 Bg6
24.Ne2 Be4 25.Ne1 Bg5 26.Bxg5 Qxg5 27.Qxg5 hxg5 28.Rca1 Rea8 29.f3 Bg6 30.Kf2 Nf8
31.Ke3 Ne6 32.Kd2 Kf8 33.Ra4 Ke7 34.g3 Kd8 35.R1a3 Nc7 36.Nc3 Ne6 37.Na2 Nxa2
38.Rxa2 Rb8 39.Bd3 Bxd3 40.Nxd3 f6 41.Kc3 Rb5 42.Nc1 Kd7 43.Nb3 Rab7 44.Nxa5 Rb8
45.b4 Nc7 46.Re2 Rh8 47.Ra1 Rbb8 48.Rae1 Rbe8 49.Rxe8 Nxe8 50.Rh1 Nc7 51.Nb3 Re8
52.Kd2 Rb8 53.Kc3  1/2-1/2

[Event "BCF-ch"]
[Site "Hove"]
[Date "1997.08.04"]
[Round "1"]
[White "Roktim, Bandyopadhyay"]
[Black "Miles, Anthony J"]
[Result "1/2-1/2"]
[WhiteElo "2275"]
[BlackElo "2600"]

1.Nf3 Nf6 2.c4 g6 3.g3 Bg7 4.Bg2 O-O 5.O-O d6 6.Nc3 e5 7.d3 Nc6 8.Bg5 h6
9.Bxf6 Qxf6 10.Rb1 Qd8 11.b4 a6 12.a4 Ne7 13.Qc2 c6 14.a5 Be6 15.Na4 Rc8
16.Rbd1 f5 17.Rfe1 g5 18.e4 f4 19.Nb6 Rb8 20.Nd2 Nc8 21.Na4 Qd7 22.c5 g4
23.Nc4 Qe7 24.cxd6 Nxd6 25.Nxd6 Qxd6 26.Nc5 Bf7 27.d4 exd4 28.e5 Bxe5 29.Qf5 Bg7
30.Be4 Rfd8 31.Qxg4 Re8 32.Bf5 h5 33.Qg5 Kh8 34.Re4 Rxe4 35.Nxe4 Qe5 36.gxf4 Qd5
37.Rd3 Rg8 38.Rg3 d3 39.Nd2 Qd8 40.Qxd8 Rxd8 41.Bxd3 Rd4 42.Ne4 Bd5 43.Re3 Rxd3
44.Rxd3 Bxe4 45.Rd7 Bc3 46.Rxb7 Bd3 47.Kg2 Bb5 48.Kg3 Bxb4 49.Kh4 Bxa5 50.Kg5 Kg8
51.f5 c5 52.f6 Bd3 53.f4 Bd2 54.Rb8+ Kf7 55.Rb7+ Kf8 56.Rb8+ Kf7 57.Rb7+  1/2-1/2

[Event "BCF-ch"]
[Site "Hove"]
[Date "1997.08.14"]
[Round "10"]
[White "Miles, Anthony J"]
[Black "Ledger, Andrew"]
[Result "1-0"]
[WhiteElo "2600"]
[BlackElo "2415"]

1.Nf3 Nf6 2.c4 g6 3.Nc3 d5 4.cxd5 Nxd5 5.Qa4+ Bd7 6.Qc2 Nb6 7.e3 Bg7 8.Be2 O-O
9.O-O a5 10.d3 a4 11.Bd2 Na6 12.Rac1 e6 13.Rfd1 Qe7 14.Ne4 a3 15.d4 Nd5 16.b3 Rfc8
17.Bxa6 Rxa6 18.Nc5 Ra7 19.e4 Nf6 20.Nxd7 Nxd7 21.Bg5 Qb4 22.Qe2 Raa8 23.Qe3 Qf8
24.Qd3 c6 25.h3 h6 26.Bf4 Kh7 27.Rc2 Rd8 28.Rcd2 Qb4 29.Qe2 Qe7 30.Rd3 Re8
31.Nd2 e5 32.dxe5 Nxe5 33.Bxe5 Bxe5 34.Nc4 b5 35.Rd7 Qf6 36.Nxe5 Rxe5 37.f4 Re7
38.e5 Qe6 39.R7d6 Qf5 40.Qf3 Rc8 41.Rc1 Rcc7 42.b4 Kg7 43.Kh2 h5 44.Rf6 Qd7
45.Rd1 Qe8 46.Rfd6 Qc8 47.Qxa3 Ra7 48.Qc3 Qf5 49.Rf6 Qe4 50.e6 Kh7 51.Rd8  1-0

[Event "BCF-ch playoff"]
[Site "Hove"]
[Date "1997.08.15"]
[Round "3"]
[White "Miles, Anthony J"]
[Black "Adams, Michael"]
[Result "1/2-1/2"]
[WhiteElo "2595"]
[BlackElo "2680"]

1.d4 Nf6 2.Nf3 e6 3.Bg5 h6 4.Bh4 c5 5.e3 b6 6.c3 Bb7 7.Nbd2 Be7 8.Bd3 d5
9.Ne5 O-O 10.O-O Nbd7 11.f4 Ne4 12.Bxe7 Qxe7 13.Bxe4 dxe4 14.Nxd7 Qxd7 15.dxc5 bxc5
16.Qc2 Qc6 17.Rfd1 Rad8 18.Nc4 Qc7 19.b3 Rd5 20.Nb2 g5 21.fxg5 hxg5 22.c4 Rdd8
23.Rxd8 Rxd8 24.Rd1 Rxd1+ 25.Nxd1 f5 26.Qd2 Kf7 27.Nc3 Bc6 28.Ne2 e5 29.Nc3 Ke6
30.h3 f4 31.Qd1 Qa5 32.Nd5 Bxd5 33.Qxd5+ Kf6 34.Qd6+ Kf7 35.Qd7+ Kf6 36.Qc6+ Kf7  1/2-1/2

[Event "BCF-ch"]
[Site "Hove"]
[Date "1997.08.15"]
[Round "11"]
[White "Miles, Anthony J"]
[Black "Sadler, Matthew"]
[Result "1/2-1/2"]
[WhiteElo "2600"]
[BlackElo "2665"]

1.d4 d5 2.Nf3 Nf6 3.c4 dxc4 4.e3 e6 5.Bxc4 c5 6.O-O a6 7.b3 b6 8.Bb2 Bb7
9.dxc5 Qxd1 10.Rxd1 Bxc5  1/2-1/2

[Event "Chania op 7th"]
[Site "Chania"]
[Date "1997.09.04"]
[Round "2"]
[White "Miles, Anthony J"]
[Black "Nikolaou, Georgios"]
[Result "1-0"]
[WhiteElo "2595"]
[BlackElo "2105"]

1.Nf3 Nf6 2.c4 e6 3.Nc3 c5 4.g3 Be7 5.Bg2 O-O 6.O-O a6 7.d4 cxd4 8.Nxd4 d6
9.b3 Qc7 10.Bb2 Nc6 11.Rc1 Nxd4 12.Qxd4 Rb8 13.Rfd1 Rd8 14.Qa7 Bd7 15.Nb5 Qc5
16.Qxc5 dxc5 17.Nd6 Bc6 18.Bxc6 Bxd6 19.Bf3 b6 20.Rd3 Bc7 21.Rcd1 Rxd3 22.Rxd3 Rd8
23.Rxd8+ Bxd8 24.Bb7 a5 25.Be5 Ne8 26.Bc6 Bc7 27.Bc3 Nd6 28.e4 Kf8 29.f4 Nc8
30.Kf2 f6 31.Ke3 Ke7 32.h4 Nd6 33.Kf3 Nf7 34.Bb5 Bd6 35.Bd2 Nh6 36.g4 f5
37.exf5 exf5 38.g5 Ng4 39.Ba6 Bc7 40.Bc8 g6 41.h5 h6 42.hxg6 hxg5 43.g7 Kf7
44.Bc3  1-0

[Event "Chania op 7th"]
[Site "Chania"]
[Date "1997.09.05"]
[Round "3"]
[White "Chilov, Alexandros"]
[Black "Miles, Anthony J"]
[Result "0-1"]
[WhiteElo "2220"]
[BlackElo "2595"]

1.Nf3 d6 2.g3 g6 3.Bg2 Bg7 4.O-O c5 5.d3 Nc6 6.e4 e5 7.c3 Nge7 8.Nh4 O-O
9.f4 exf4 10.gxf4 f5 11.Nd2 Kh8 12.Ndf3 Qd7 13.Qe1 b6 14.e5 Ba6 15.e6 Qc7
16.Ng5 Rae8 17.Qg3 Nd8 18.Re1 Rf6 19.Bd2 d5 20.Re2 Bc8 21.Rae1 h6 22.Nf7+ Kh7
23.Nxd8 Rxd8 24.c4 d4 25.Re5 Rd6 26.Bd5 a5 27.a4 Qd8 28.Qg2 Qg8 29.Nf3 Qe8
30.b3 Rf8 31.R5e2 Nxd5 32.cxd5 Bb7 33.e7 Rff6 34.Ne5 Bxd5 35.Qg3 Rde6 36.Nc4 Bxc4
37.dxc4 Qxe7 38.Qf3 Rxe2 39.Qxe2 Qxe2 40.Rxe2 Bf8 41.Re8 Kg7 42.Kf1 Kf7 43.Rb8 Re6
44.Rb7+ Be7 45.Be1 g5 46.fxg5 hxg5 47.h4 Kg6 48.hxg5 Kxg5 49.Rd7 Kg4 50.Bd2 f4
51.Rb7 Kf3 52.Rb8 Rh6 53.Kg1 Bh4  0-1

[Event "Chania op 7th"]
[Site "Chania"]
[Date "1997.09.07"]
[Round "5"]
[White "Nenashev, Alexander"]
[Black "Miles, Anthony J"]
[Result "1/2-1/2"]
[WhiteElo "2585"]
[BlackElo "2595"]

1.d4 d5 2.c4 c6 3.cxd5 cxd5 4.Nf3 Nf6 5.Nc3 Nc6 6.Bf4 Bf5 7.e3 e6 8.Qb3 Bb4
9.Bb5 O-O 10.O-O Bxc3 11.Bxc6 Bxb2 12.Qxb2 bxc6 13.Ne5 Qb6 14.Qxb6 axb6 15.Nxc6 Bd3
16.Rfc1 Ra4 17.Bd6 Rfa8 18.a3 Ne8 19.Bb4 f6 20.Ne7+ Kf7 21.Nc8 R8a6 22.Nd6+ Nxd6
23.Bxd6 Rc4 24.Rxc4 Bxc4  1/2-1/2

[Event "Chania op 7th"]
[Site "Chania"]
[Date "1997.09.08"]
[Round "6"]
[White "Miles, Anthony J"]
[Black "Bagaturov, Giorgi"]
[Result "1/2-1/2"]
[WhiteElo "2595"]
[BlackElo "2485"]

1.c4 e6 2.g3 d5 3.Bg2 Nf6 4.Nf3 c6 5.Qc2 Be7 6.O-O O-O 7.b3 b6 8.d3 Bb7 9.e4 c5
10.e5 Nfd7 11.Nc3 Nc6 12.Qe2 dxc4 13.dxc4 Nd4 14.Nxd4 Bxg2 15.Kxg2 cxd4 16.Nb5 d3
17.Qxd3 Nxe5 18.Qe4 Qc8 19.Bf4 Ng6 20.Bd6 f5 21.Qf3 Bxd6 22.Nxd6 Qc5 23.Rad1 Ne5
24.Qe2 Rad8 25.Nb7 Qc6+ 26.f3 Qxb7 27.Qxe5 Qe7 28.Rfe1 Kf7 29.Rxd8 Rxd8 30.Re2 Qd6
31.Qxd6 Rxd6 32.f4 Kf6 33.Kf2 g5 34.fxg5+ Kxg5 35.b4 Rc6 36.Rc2 e5 37.Ke3 Kf6
38.a3  1/2-1/2

[Event "Chania op 7th"]
[Site "Chania"]
[Date "1997.09.09"]
[Round "7"]
[White "Zahariev, Zahari"]
[Black "Miles, Anthony J"]
[Result "1/2-1/2"]
[WhiteElo "2410"]
[BlackElo "2595"]

1.e4 Nc6 2.d4 e5 3.Nf3 exd4 4.Nxd4 Bb4+ 5.c3 Bc5 6.Be3 Bb6 7.Nd2 Nge7 8.Bd3 Ne5
9.Nc4 d6 10.Nxb6 axb6 11.O-O O-O 12.Be2 f5 13.exf5 Nxf5 14.Nxf5 Rxf5 15.f4 Nc6
16.Bd3 Rf6 17.Qc2 h6  1/2-1/2

[Event "EUCup Gr3"]
[Site "Slough"]
[Date "1997.09.23"]
[Round "2"]
[White "Hoen, Ragnar"]
[Black "Miles, Anthony J"]
[Result "0-1"]
[WhiteElo "2335"]
[BlackElo "2595"]

1.e4 e5 2.Nf3 Nc6 3.d4 exd4 4.Nxd4 Bb4+ 5.c3 Bc5 6.Be3 Bb6 7.Nd2 Nge7 8.Nc4 Bxd4
9.Bxd4 O-O 10.Bd3 d5 11.Ne3 Nxd4 12.cxd4 dxe4 13.Bxe4 f5 14.Bf3 f4 15.Qb3+ Kh8
16.Nc2 Nf5 17.O-O-O a5 18.Rhe1 Ra6 19.d5 Rd6 20.Qc3 b6 21.Nd4 Nxd4 22.Rxd4 c6
23.Qd2 cxd5 24.Rxf4 Bf5 25.Re5 Qc7+ 26.Kd1 Rdf6 27.Qe3 Qc2+ 28.Ke1 Qb1+ 29.Bd1 Bc2
30.Rd4 Bxd1 31.Rxd1 Qxb2 32.f3 Qxg2  0-1

[Event "Agios Nikolaos op"]
[Site "Agios Nikolaos"]
[Date "1997.10.22"]
[Round "?"]
[White "Kofidis, Andreas"]
[Black "Miles, Anthony J"]
[Result "0-1"]
[WhiteElo "2395"]
[BlackElo "2595"]

1.e4 Nf6 2.e5 Nd5 3.d4 d6 4.Nf3 dxe5 5.Nxe5 g6 6.Nd2 Bg7 7.Ndf3 O-O 8.Be2 Nd7
9.c4 N5b6 10.Bf4 c5 11.d5 Nxe5 12.Bxe5 Bxe5 13.Nxe5 Qd6 14.Nf3 e6 15.dxe6 Qxe6
16.Qc1 Bd7 17.Ng5 Qe7 18.Kf1 Rfe8 19.Bd3 Rad8 20.Kg1 Ba4 21.b3 Rxd3 22.bxa4 Qe2
23.h4 Rd2 24.Nh3 Nxc4 25.h5 g5 26.Qc3 h6 27.Rc1 Ne3 28.Qxc5 Qg4  0-1

[Event "Agios Nikolaos op"]
[Site "Agios Nikolaos"]
[Date "1997.10.22"]
[Round "?"]
[White "Tzermiadianos, Andreas"]
[Black "Miles, Anthony J"]
[Result "0-1"]
[WhiteElo "2420"]
[BlackElo "2595"]

1.e4 c6 2.c4 e5 3.Nf3 Qa5 4.Be2 Nf6 5.Nc3 Bb4 6.O-O O-O 7.d3 Re8 8.Bd2 Bf8
9.d4 d6 10.b4 Qc7 11.d5 Nbd7 12.Re1 Be7 13.Bf1 c5 14.a3 b6 15.h3 Nf8 16.Be3 Ng6
17.bxc5 bxc5 18.Bd3 Bd7 19.Bc2 Qa5 20.Bd2 Qa6 21.Nb5 Rec8 22.a4 Ne8 23.Bc3 Rcb8
24.Kh2 Qc8 25.Ng1 a6 26.Na3 Bg5 27.g3 Bh6 28.Nb1 Ra7 29.Nd2 Ne7 30.Rb1 Rxb1
31.Qxb1 Rb7 32.Qa1 f5 33.Rb1 Nf6 34.Rxb7 Qxb7 35.exf5 Bxf5 36.Bxf5 Nxf5 37.Qb1 Qxb1
38.Nxb1 Nd4 39.Bd2 Bxd2 40.Nxd2 Kf7 41.Kg2 a5 42.Ngf3 Nd7 43.Ng5+ Ke7 44.Nge4 Nb6
45.Nc3 Nc2 46.Nd1 Nxa4 47.Nb3 Kd7 48.Nxa5 Nd4 49.Ne3 Kc7 50.h4 Kb6 51.Nc6 Nxc6
52.dxc6 Kxc6 53.f4 exf4 54.gxf4 Nb6 55.Kf3 d5 56.cxd5+ Nxd5 57.Nf5 g6 58.Ng3 c4
59.h5 gxh5 60.Nxh5 Kc5 61.Ke4 c3 62.Kd3 Kb4 63.Kc2 Kc4 64.Kc1 Kb3  0-1

[Event "Maroczy mem"]
[Site "Szeged"]
[Date "1997.11.18"]
[Round "5"]
[White "Ivanisevic, Ivan"]
[Black "Miles, Anthony J"]
[Result "1/2-1/2"]
[WhiteElo "2540"]
[BlackElo "2595"]

1.d4 d5 2.c4 c6 3.Nf3 Nf6 4.Nc3 dxc4 5.a4 Bf5 6.Ne5 Na6 7.f3 Nd7 8.Nxd7 Bxd7
9.e4 e5 10.Bxc4 exd4 11.Qxd4 Nb4 12.Qe5+ Be6 13.O-O Qf6 14.Qxf6 gxf6 15.Bxe6 Bc5+
16.Kh1 fxe6 17.Rd1 e5 18.Bh6 Ke7 19.g3 Rhd8 20.Kg2 Kf7 21.Kf1 Kg6 22.Bd2 Rd3
23.Ke2 Rad8 24.Rac1 Bb6 25.Nb1 Na2 26.Rc2 R3d4 27.Na3 Rxa4 28.Rc4 Rxc4 29.Nxc4 Bc5
30.Na5 Rd7 31.Nb3 Bb4 32.Ra1 Bxd2 33.Nxd2 Nb4 34.Rxa7 Nd3 35.Nc4 Rd4 36.Na5 Nc1+  1/2-1/2

[Event "Maroczy mem"]
[Site "Szeged"]
[Date "1997.11.21"]
[Round "8"]
[White "Lalic, Bogdan"]
[Black "Miles, Anthony J"]
[Result "1/2-1/2"]
[WhiteElo "2600"]
[BlackElo "2595"]

1.e4 e5 2.Nf3 Nf6 3.d4 Nxe4 4.Bd3 d5 5.Nxe5 Nd7 6.Nxd7 Bxd7 7.O-O Be7 8.Nd2 Nxd2
9.Bxd2 Be6 10.f4 f5 11.c3 Qd7 12.Qe2 Kf7 13.Rae1 Rae8 14.Rf3 g6 15.Re3  1/2-1/2

[Event "Maroczy mem"]
[Site "Szeged"]
[Date "1997.11.22"]
[Round "9"]
[White "Miles, Anthony J"]
[Black "Wells, Peter K"]
[Result "1/2-1/2"]
[WhiteElo "2595"]
[BlackElo "2530"]

1.c4 c5 2.g3 g6 3.Bg2 Bg7 4.Nc3 Nc6 5.a3 d6 6.Rb1 Bd7 7.e3 Qc8 8.d3 h5 9.h3 Rb8
10.Nge2 a6 11.b4 cxb4 12.axb4 b5 13.cxb5 axb5 14.d4 Nf6 15.Bd2 O-O 16.Nf4 e5
17.dxe5 Nxe5 18.O-O Bc6 19.e4 Nc4 20.Bc1 Re8 21.Nfd5 Nxd5 22.Nxd5 Qb7 23.Bg5 Bxd5
24.Qxd5 Qxd5 25.exd5 Ra8 26.Rfd1 Be5 27.Bf1 Rec8 28.h4 Ra2 29.Rbc1 Rb2 30.Bd2 Bd4
31.Be1 Bb6 32.Rb1 Rc2 33.Bd3 Ra2 34.Ra1 Rxa1 35.Rxa1 Bd4 36.Rc1 Kf8 37.Bd2 Ke7
38.Bg5+ Kd7 39.Bf1 Na3 40.Re1 Re8 41.Rd1 Be5 42.Bh3+ f5 43.Bf1 Rc8 44.Rd2 Rc1
45.Ra2 Ra1 46.Rxa1 Bxa1 47.Bd2 Nc4 48.Be1 Bd4 49.Kg2 Kc7 50.Kf3 Be5 51.Ke2 Kb6
52.Kd3 Bf6 53.Be2 Ne5+ 54.Kc2 Ng4 55.Kd3 Ne5+ 56.Kd2 Ng4 57.f3 Ne5 58.Kc2 Ka6
59.Bc3 Nd7 60.Bd1 Kb6 61.Kd2 Ne5 62.Ke2 Ka6 63.Bc2 Kb6 64.Bb3 Ka6 65.Bd1 Kb6
66.Kf1 Kb7 67.Kg2 Kb6 68.Kh3 Kc7 69.Bd4 Kb7 70.Bc2 Kc7 71.Bb1 Kb7 72.Kg2 Kc7
73.Kf1 Kb7 74.Ke2 Ka6 75.Bf2 Kb7 76.Be1 Ka6 77.Ba2 Kb6 78.Bb3 Ka6 79.Bd2 Kb6
80.Bh6 Nf7 81.Be3+ Kb7 82.Bc2 Ne5 83.Bf4 Kb6 84.Bh6 Nd7 85.Be3+ Ka6 86.Bf2 Ne5
87.Bd4 Kb7 88.Kf1 Ka6 89.Kg2 Kb7 90.Kh3 Kc7 91.Bb1 Kb7 92.Bxe5 Bxe5 93.g4 hxg4+
94.fxg4 fxg4+ 95.Kxg4 Bc3 96.Bxg6 Bxb4 97.Bb1 Kb6 98.Kf5 Kc5 99.Ba2 Bc3 100.h5 Be5
101.h6 Kd4 102.h7 Kc3 103.Bb1 b4 104.Ke6 b3 105.Kf7 Kc4 106.Ke6 Kc3 107.Bg6 Kc4
108.Bh5 b2 109.Bg6 Kd4 110.Bb1 Kc4 111.Ba2+ Kd4 112.h8=N Bxh8 113.Kxd6  1/2-1/2

[Event "Arco di Trento op1"]
[Site "Arco di Trento"]
[Date "1997.??.??"]
[Round "1"]
[White "Miles, Anthony J"]
[Black "Schmitzer, Peter"]
[Result "1/2-1/2"]
[WhiteElo "2550"]
[BlackElo "2140"]

1.d4 Nf6 2.Nf3 d6 3.Nc3 g6 4.e4 Bg7 5.Be2 O-O 6.O-O Nc6 7.d5 Ne5 8.Nxe5 dxe5
9.Bc4 a6 10.a4 Bd7 11.f3 Ne8 12.Be3 Nd6 13.Bb3 f5 14.exf5 Nxf5 15.Qd2 Kh8
16.Ne4 Nxe3 17.Qxe3 Bf5 18.Nf2 Qd6 19.a5 b6 20.Rfd1 Qf6 21.Ne4 Bxe4 22.Qxe4 Qd6
23.g3 Rab8 24.Kg2 bxa5 25.Rxa5 Rb4 26.Qe2 e4 27.f4 g5 28.Rxa6 gxf4 29.gxf4 Qxf4
30.Rf1 Qxf1+ 31.Qxf1 Rxf1 32.Kxf1 Bxb2 33.Ke2 Be5 34.h3 Bd6 35.Ra4  1/2-1/2

[Event "Arco di Trento op1"]
[Site "Arco di Trento"]
[Date "1997.??.??"]
[Round "2"]
[White "Crea, Vincenzo"]
[Black "Miles, Anthony J"]
[Result "0-1"]
[WhiteElo "2160"]
[BlackElo "2550"]

1.d4 Nf6 2.Nf3 c5 3.c3 b6 4.Bf4 Bb7 5.e3 d6 6.h3 g6 7.Nbd2 Bg7 8.Be2 O-O
9.O-O Nbd7 10.a4 a6 11.Bh2 Qb8 12.Qb1 cxd4 13.exd4 b5 14.axb5 axb5 15.Rxa8 Bxa8
16.Qd3 Bc6 17.Ra1 Qb7 18.Nb3 Ra8 19.Qd1 Rxa1 20.Qxa1 Nb6 21.Na5 Qa8 22.Qa3 Bd7
23.Bf4 Na4 24.Nb3 Qe4 25.Be3 Nd5 26.Bxb5 Bxb5 27.c4 Nxe3 28.Nbd2 Nxc4  0-1

[Event "Arco di Trento op1"]
[Site "Arco di Trento"]
[Date "1997.??.??"]
[Round "4"]
[White "Sulava, Nenad"]
[Black "Miles, Anthony J"]
[Result "0-1"]
[WhiteElo "2380"]
[BlackElo "2550"]

1.d4 Nf6 2.c4 g6 3.Nc3 Bg7 4.e4 d6 5.h3 O-O 6.Nf3 Na6 7.Bg5 Qe8 8.Bd3 e5
9.O-O Nh5 10.Re1 exd4 11.Nb5 h6 12.Bd2 Nc5 13.Bf1 Qd8 14.Nbxd4 Re8 15.Qc2 Nf6
16.Bd3 Nxd3 17.Qxd3 Nd7 18.Bc3 Ne5 19.Qc2 c5  0-1

[Event "Bad Woerishofen op"]
[Site "Bad Woerishofen"]
[Date "1997.??.??"]
[Round "1"]
[White "Porubszki, Georg"]
[Black "Miles, Anthony J"]
[Result "0-1"]
[WhiteElo "2045"]
[BlackElo "2550"]

1.Nf3 c6 2.d4 d6 3.e3 Na6 4.c3 Nc7 5.Bd3 g6 6.a4 Bg7 7.O-O Nh6 8.Na3 O-O
9.Re1 f5 10.Ng5 e5 11.f4 e4 12.Bc4+ Kh8 13.d5 Qe7 14.Nc2 Ng4 15.dxc6 bxc6
16.Nb4 Bb7 17.a5 Rad8 18.Qa4 d5 19.Bf1 c5 20.Nc6 Bxc6 21.Qxc6 d4 22.exd4 cxd4
23.h3 Nf6 24.cxd4 Qd7 25.Qxd7 Rxd7 26.Bc4 Nfd5 27.h4 h6 28.Nh3 Bxd4+ 29.Kh1 Nf6
30.Be3 Bxe3 31.Rxe3 Rfd8 32.Rae1 Rd4 33.b3 Ncd5 34.Bxd5 R8xd5 35.Nf2 Rxa5
36.Rg3 Kg7 37.Rc1 Rd7 38.Rc6 h5 39.Rgc3 Ra2 40.Rc2 Rxc2 41.Rxc2 e3 42.Nh3 Ne4
43.Kh2 Rd2 44.Rc7+ Kf8 45.Ng1 a5 46.Rc1 Rb2 47.Nf3 Rxb3 48.Rc8+ Ke7 49.Nd4 Rb2
50.Rc7+ Kd6 51.Rg7 Kd5 52.Nf3 Ra2 53.Rd7+ Kc4 54.Ne5+ Kb5 55.Rb7+ Ka4 56.Nc4 e2
57.Rb1 Rc2 58.Ne3 Rb2 59.Re1 Kb3  0-1

[Event "Bad Woerishofen op"]
[Site "Bad Woerishofen"]
[Date "1997.??.??"]
[Round "3"]
[White "Froehlich, Peter"]
[Black "Miles, Anthony J"]
[Result "0-1"]
[WhiteElo "2275"]
[BlackElo "2550"]

1.e4 c5 2.Nf3 Nc6 3.Bb5 Na5 4.O-O a6 5.Be2 e6 6.d4 cxd4 7.c3 dxc3 8.Nxc3 b5
9.Bf4 Bb7 10.Rc1 Rc8 11.Qd2 Ne7 12.Rfd1 Ng6 13.Bg3 Be7 14.h4 h5 15.Ne5 Nxe5
16.Bxe5 O-O 17.Bxh5 Bxh4 18.Qxd7 Bxf2+ 19.Kxf2 Qh4+ 20.Kg1 Qxh5 21.Bc7  0-1

[Event "Bad Woerishofen op"]
[Site "Bad Woerishofen"]
[Date "1997.??.??"]
[Round "5"]
[White "Rabiega, Robert"]
[Black "Miles, Anthony J"]
[Result "1/2-1/2"]
[WhiteElo "2480"]
[BlackElo "2550"]

1.e4 Nc6 2.Nf3 e5 3.Bc4 Bc5 4.c3 Nf6 5.d4 exd4 6.cxd4 Bb4+ 7.Bd2 Bxd2+ 8.Nbxd2 d5
9.exd5 Nxd5 10.Qb3 Na5 11.Qa4+ Nc6 12.Qb3 Nce7 13.O-O O-O 14.Ne5 c6 15.Rfe1 Qb6
16.Ndf3 Qxb3 17.Bxb3 Bf5 18.Rad1 Rad8 19.a3 h6 20.Nd2 Be6 21.Ne4 Rfe8 22.Nc5 Bc8
23.f3 Kf8 24.Kf2 f6 25.Nc4 Nf5 26.Rxe8+ Rxe8 27.g4 Nfe3 28.Nxe3 Nxe3 29.Re1 Nd5
30.Rxe8+ Kxe8 31.Bxd5 cxd5 32.h4 g5 33.Kg3 Ke7 34.f4 b6 35.Nd3 Ke6 36.Nf2 Ba6
37.Nh3 Bf1 38.Ng1 Bd3 39.Nh3 Bf1 40.Ng1 Bd3  1/2-1/2

[Event "Benasque op"]
[Site "Benasque"]
[Date "1997.??.??"]
[Round "2"]
[White "Sevillano, Joaquin"]
[Black "Miles, Anthony J"]
[Result "0-1"]
[WhiteElo "2200"]
[BlackElo "2550"]

1.d4 Nf6 2.c4 g6 3.Nc3 Bg7 4.e4 d6 5.Be2 O-O 6.h4 c5 7.d5 b5 8.cxb5 a6 9.b6 Qxb6
10.h5 e6 11.hxg6 hxg6 12.Nf3 exd5 13.exd5 Bg4 14.O-O Re8 15.Nd2 Bxe2 16.Nxe2 Nbd7
17.Nc4 Qb5 18.Ne3 Qb4 19.Nc3 Ne4 20.Nxe4 Qxe4 21.a4 Reb8 22.a5 Rb4 23.Re1 Qh4
24.Ra3 Bxb2 25.Bxb2 Rxb2 26.Re2 Rab8 27.Ra1 R2b4 28.Qd3 Qh8 29.Rae1 Ne5 30.Qxa6 Nf3+  0-1

[Event "Benasque op"]
[Site "Benasque"]
[Date "1997.??.??"]
[Round "6"]
[White "Rodriguez Vargas, Orestes"]
[Black "Miles, Anthony J"]
[Result "0-1"]
[WhiteElo "2425"]
[BlackElo "2550"]

1.d4 e6 2.Nf3 c5 3.c3 Nf6 4.e3 b6 5.Nbd2 Be7 6.a4 O-O 7.Bd3 Ba6 8.Bxa6 Nxa6
9.Qe2 Nb8 10.e4 cxd4 11.Nxd4 d6 12.O-O Qc7 13.Rd1 a6 14.N2f3 Nbd7 15.Bg5 Rfc8
16.h3 h6 17.Bh4 Bf8 18.g4 Qb7 19.Re1 Re8 20.g5 hxg5 21.Nxg5 e5 22.Nc2 d5
23.exd5 Nxd5 24.Qf3 N7f6 25.Rad1 e4 26.Rxe4 Nxe4 27.Nxe4 Be7 28.Rxd5 Qxd5
29.Nf6+ Bxf6 30.Qxd5 Bxh4 31.Nd4 Bf6 32.Nc6 Re1+ 33.Kg2 Rae8 34.Qc4 R1e2
35.b4 b5 36.axb5 axb5 37.Qxb5 Bxc3 38.Kf3 R2e6 39.Qc5 Be1 40.b5 Rf6+ 41.Kg2 Rxf2+
42.Kg1 Rfe2 43.b6 Bg3 44.b7 g6 45.Qd4 Bc7 46.Kf1 R2e6 47.Qd7 Rf6+ 48.Kg2 Re2+
49.Kg1 Bh2+  0-1

[Event "Benasque op"]
[Site "Benasque"]
[Date "1997.??.??"]
[Round "7"]
[White "Miles, Anthony J"]
[Black "Mowsziszian, Karen"]
[Result "1-0"]
[WhiteElo "2550"]
[BlackElo "2490"]

1.d4 f5 2.g3 Nf6 3.Bg2 g6 4.Nf3 Bg7 5.O-O O-O 6.c4 d6 7.Nc3 Nc6 8.d5 Ne5
9.Nxe5 dxe5 10.e4 f4 11.b4 g5 12.Bb2 h5 13.Re1 h4 14.gxf4 gxf4 15.Kh1 Ng4
16.Qf3 Qd6 17.c5 Qh6 18.Nd1 Rf6 19.Rg1 Rg6 20.Bh3 Nf6 21.Rxg6 Qxg6 22.Bxc8 Rxc8
23.Nc3 Qg4 24.Qxg4 Nxg4 25.Kg1 f3 26.h3 Nf6 27.Rd1 c6 28.dxc6 bxc6 29.Rd3 Rb8
30.Ba3 Bh6 31.Rxf3 Bd2 32.Rd3 Bxc3 33.Rxc3 Nxe4 34.Rc4 Nd2 35.Rg4+ Kf7 36.Kg2 Rg8
37.Rxg8 Kxg8 38.b5  1-0

[Event "Cappelle op"]
[Site "Cappelle la Grande"]
[Date "1997.??.??"]
[Round "1"]
[White "Miles, Anthony J"]
[Black "Eliet, Nicolas"]
[Result "1-0"]
[WhiteElo "2550"]
[BlackElo "2380"]

1.c4 e6 2.g3 Nf6 3.Bg2 d5 4.Nf3 dxc4 5.Ne5 Be7 6.Nxc4 O-O 7.O-O c5 8.b3 Nd5
9.Bb2 Nc6 10.Nc3 Rb8 11.Rc1 h6 12.Nxd5 exd5 13.Ne5 Nxe5 14.Bxe5 Bd6 15.Bxd6 Qxd6
16.d4 Be6 17.e4 dxe4 18.dxc5 Qe5 19.c6 f5 20.Qe2 Rbc8 21.Rfd1 Qf6 22.f3 Bf7
23.fxe4 Rfe8 24.Qf1 Bh5 25.Qc4+ Bf7 26.Qc3 Qxc3 27.Rxc3 fxe4 28.Kf2 Rc7 29.Rd7 Rec8
30.Ke3  1-0

[Event "Cappelle op"]
[Site "Cappelle la Grande"]
[Date "1997.??.??"]
[Round "3"]
[White "Miles, Anthony J"]
[Black "Dumitrache, Dragos"]
[Result "0-1"]
[WhiteElo "2550"]
[BlackElo "2495"]

1.c4 e6 2.g3 d5 3.Bg2 c6 4.Qc2 Nf6 5.Nf3 Bd6 6.d4 O-O 7.O-O Nbd7 8.Bf4 Bxf4
9.gxf4 Ne4 10.e3 Qf6 11.Nc3 Nd6 12.c5 Nf5 13.Ne2 Nh4 14.Nxh4 Qxh4 15.Kh1 f6
16.Ng3 Re8 17.Rg1 Nf8 18.f5 exf5 19.Nxf5 Bxf5 20.Qxf5 g6 21.Qf3 Kh8 22.Qg3 Qh6
23.Qc7 Qg7 24.Qxg7+ Kxg7 25.b4 f5 26.a4 f4 27.Ra3 fxe3 28.fxe3 Nd7 29.b5 Re7
30.Rb1 Rae8 31.Rbb3 Nf6 32.Bf3 g5 33.Kg1 g4 34.Bg2 h5 35.a5 h4 36.a6 cxb5
37.Rxb5 bxa6 38.Rbb3 h3 39.Bf1 Ne4 40.Be2 Rf8 41.c6 Rf2  0-1

[Event "Cappelle op"]
[Site "Cappelle la Grande"]
[Date "1997.??.??"]
[Round "4"]
[White "Suetin, Alexey S"]
[Black "Miles, Anthony J"]
[Result "0-1"]
[WhiteElo "2415"]
[BlackElo "2550"]

1.e4 c6 2.d4 Na6 3.c4 d6 4.Nc3 g6 5.Be3 Bg7 6.Qd2 e5 7.Nge2 Qe7 8.O-O-O f5
9.exf5 gxf5 10.dxe5 dxe5 11.f4 e4 12.Nd4 Nf6 13.h3 Bd7 14.Qf2 b6 15.Be2 Nc7
16.Kb1 O-O-O 17.Rd2 c5 18.Nc2 Be6 19.Rhd1 Qf7 20.Na3 Rxd2 21.Rxd2 Rd8 22.Bf1 Nfe8
23.Rxd8+ Kxd8 24.Qd2+ Kc8 25.Be2 Qg6 26.Bd1 Bf8 27.Qe2 Nd6 28.g4 Qg8 29.b3 Bg7
30.Kc2 Na6 31.Nab5 Nb4+ 32.Kb1 Nxb5 33.Nxb5 Qd8 34.Bd2 a6 35.Bc3 Bf8 36.Na3 Nd3
37.Bc2 Nxf4 38.Qe3 Nd3 39.gxf5 Bxf5 40.Qg3 Bd6 41.Qg7 Qd7 42.Qg8+ Kb7 43.Qd5+ Ka7
44.h4 Nb4 45.Qd2 Nd3 46.Bxd3 exd3 47.Kb2 Qe7 48.Qf2 Qe4 49.Qe1 Qxe1 50.Bxe1 Bg3  0-1

[Event "Groningen op"]
[Site "Groningen"]
[Date "1997.??.??"]
[Round "1"]
[White "Miles, Anthony J"]
[Black "Jonker, Marc"]
[Result "1/2-1/2"]
[WhiteElo "2595"]
[BlackElo "2295"]

1.c4 d6 2.Nc3 e5 3.g3 Nc6 4.Bg2 g6 5.Rb1 a5 6.a3 Bg7 7.b4 axb4 8.axb4 Nf6
9.d3 O-O 10.b5 Ne7 11.Nf3 d5 12.cxd5 Nfxd5 13.Nxd5 Nxd5 14.Qc2 f6 15.O-O Be6
16.Rd1 Rf7 17.Bb2 Rd7 18.Ra1 Rc8 19.Qb1 c5 20.bxc6 Rxc6 21.Rc1 Rdc7 22.Rxc6 Rxc6
23.Nd2 Rc8 24.d4 exd4 25.Qe4 Nc7 26.Qxd4 Qxd4 27.Bxd4 Rd8 28.Nf3 Bd5 29.Bb6 Rd7
30.Rd1 Na8 31.Be3 Nc7 32.Bf4 Ne6 33.Ne5 fxe5 34.Rxd5 Rxd5 35.Bxd5 exf4 36.Bxe6+ Kf8
37.gxf4 Ke7 38.Bg8 h6 39.Kg2 b5 40.Kf3 b4 41.Ke4 Kf6 42.Bb3 g5 43.Kf3 Bf8
44.e4 gxf4 45.Kxf4 Bd6+ 46.Kg4 h5+ 47.Kh3 Kg5 48.Kg2 h4 49.h3 Kf4 50.Bc2 b3
51.Bxb3  1/2-1/2

[Event "Groningen op"]
[Site "Groningen"]
[Date "1997.??.??"]
[Round "10"]
[White "Van den Doel, Erik"]
[Black "Miles, Anthony J"]
[Result "0-1"]
[WhiteElo "2440"]
[BlackElo "2595"]

1.e4 e5 2.Nf3 Nc6 3.Bb5 Nf6 4.O-O Nxe4 5.d4 Nd6 6.Bxc6 dxc6 7.dxe5 Nf5 8.Qxd8+ Kxd8
9.Nc3 Ke8 10.h3 Be7 11.Bg5 Bb4 12.Ne4 Be6 13.c3 Bf8 14.g4 Ne7 15.Nd4 Bd5
16.Nd2 c5 17.Nb5 Kd7 18.Bf4 Kc6 19.a4 h5 20.f3 Ng6 21.Bg3 hxg4 22.hxg4 Be7
23.e6 Bg5 24.Ne4 Be3+ 25.Kg2 Nf4+ 26.Bxf4 Bxf4 27.exf7 Rh2+ 28.Kg1 Rah8 29.Nf2 Bxf3  0-1